Statistics for One Piece - Most wanted characters of all time

Click here to take the quiz!

General Stats

  • This quiz has been taken 209 times
  • The average score is 17 of 20

Answer Stats

HintAnswer% Correct
9.3,000,000,000Monkey D. Luffy
99%
17.1,111,000,000Roronoa Zoro
98%
1.5,564,800,000Gol D. Roger
97%
4.4,388,000,000Charlotte Linlin
95%
2.5,046,000,000Edward Newgate
95%
3.4,611,100,000Kaido
95%
20.1,032,000,000Vinsmoke Sanji
95%
6.3,996,000,000Marshall D. Teach
94%
5.4,048,900,000Shanks
94%
9.3,000,000,000Trafalgar D. Water Law
93%
9.3,000,000,000Eustass Kid
91%
8.3,189,000,000Buggy
89%
7.3,590,000,000Dracule Mihawk
83%
18.1,100,000,000Jinbe
82%
12.1,965,000,000Crocodile
80%
19.1,057,000,000Charlotte Katakuri
74%
14.1,390,000,000King
74%
16.1,320,000,000Queen
74%
13.1,659,000,000Boa Hancock
64%
15.1,374,000,000Marco
62%

Score Distribution

Percentile by Number Answered

Percent of People with Each Score

Your Score History

You have not taken this quiz